banner-ar

MECHANICAL SYSTEM: STUDY OF SOME FUNDAMENTAL PROCESSES IN PHYSICS / (Record no. 20542)

MARC details
000 -الفاتح
حقل البيانات ثابتة الطول 00577nam a2200205Ia 4500
008 - عناصر البيانات ثابتة الطول - معلومات عامة
حقل البيانات ثابتة الطول 140319s9999 xx 000 0 eng d
040 ## - مصدر الفهرسة
وكالة الفهرسة الأصلية GCL /
وكالة النسخ GCL
082 04 - رقم تصنيف ديوى العشرى
رقم التصنيف 531
رقم المادة S M
100 1# - المدخل الرئيسى - إسم شخصى
الإسم الشخصى SARAF, B.
245 10 - بيان العنوان
العنوان MECHANICAL SYSTEM: STUDY OF SOME FUNDAMENTAL PROCESSES IN PHYSICS /
بيان المسئوليه,etc SARAF, B.
700 1# - المدخل الاضافى - اسم شخصى
الإسم الشخصى KHANDELELWAL, D. P.
700 1# - المدخل الاضافى - اسم شخصى
الإسم الشخصى MAZUMDAR, B. C.
260 ## - PUBLICATION, DISTRIBUTION, ETC. (IMPRINT)
تاريخ النشر أو التوزيع 1994
300 ## - الوصف المادى
التعداد 194 P
490 ## - بيان السلسلة
عنوان السلسلة PHYSICS THROUGH EXPERIMENT
رقم المجلد/ التعيين التسلسلي 0
650 04 - المدخل الاضافى بالموضوع-مصطلح موضوعى
مصطلح موضوعي PHYSICS
650 04 - المدخل الاضافى بالموضوع-مصطلح موضوعى
مصطلح موضوعي MECHANICS
942 ## - عناصر المدخل الإضافي( كوها)
مصدر التصنيف او مخطط الترفيف Dewey Decimal Classification
Koha [default] item type كتاب
260 ## - PUBLICATION, DISTRIBUTION, ETC. (IMPRINT)
-- [S.N] :
-- VIKAS PUBLISHING HOUSE PVT. LTD ،
Holdings
حالة التراجع حالة الفقد حالة تلف ليس للاعارة المكان المؤقت الموقع الحالى تاريخ الاكتساب اجمالي اﻻعارات رقم الطلب الباركود تاريخ اخر مشاهدة تاريخ تفعيل السعر نوع وعاء كوها
        مكتبة القاهرة الكبرى مكتبة القاهرة الكبرى 03/26/2014   531\S M 38467 03/26/2014 03/26/2014 كتاب

Powered By

EGPV